Nové vízie v obsahu školského vzdelávania

Škola ako základný činiteľ socializácie človeka. Spoločenské premeny a ich vplyv na zmeny v obsahu vzdelávania. Nové vízie v obsahu školského vzdelávania - dôraz na všestrannosť a pružnosť.

Guardado en:
Detalles Bibliográficos
Autor principal: Kompoltová, Soňa
Formato: Capítulo de libro
Lenguaje:eslovaco
Materias:
Etiquetas: Agregar Etiqueta
Sin Etiquetas, Sea el primero en etiquetar este registro!

MARC

LEADER 00000nla$a2200000$$$4500
001 0097852
005 20240502072100.0
041 0 |a slo 
044 |a SK 
245 1 0 |a Nové vízie v obsahu školského vzdelávania  |c Soňa Kompoltová 
520 |a Škola ako základný činiteľ socializácie človeka. Spoločenské premeny a ich vplyv na zmeny v obsahu vzdelávania. Nové vízie v obsahu školského vzdelávania - dôraz na všestrannosť a pružnosť. 
610 2 0 |a vzdelávanie 
610 2 0 |a vyučovanie 
610 2 0 |a výchova 
610 2 0 |a študenti 
610 2 0 |a učitelia 
610 2 0 |a vedomosti 
610 2 0 |a legislatíva 
610 2 0 |a plán učebný 
100 1 |a Kompoltová, Soňa